Prueba de Don Quijote - Estadísticas

Estadísticas generales
  • Esta prueba ha sido intentada 2.780 veces
  • La puntuación promedio es 8 de 16
Estadísticas de respuestas
Pista Respuesta % Correcto
El autor de la novela Miguel de Cervantes
99%
El escudero bajo y gordo de Don Quijote Sancho Panza
98%
Don Quijote cree ser un... Caballero
87%
...y unos molinos de viente con Gigantes
78%
La motivación de Quijote, su dama casi imaginaria Dulcinea
76%
El siglo en que se publicó XVII
75%
El único libro más traducido en el mundo La Biblia
72%
¿Cómo se llama el caballo de Don Quijote? Rocinante
70%
El nombre real de Don Quijote Alonso Quijano
37%
...y también una venta con un Castillo
30%
Este escudero sigue a Don Quijote porque cree que pueda nombrarle como Gobernador
16%
Las montañas en que se encuentra Cardenio Sierra Morena
15%
En la segunda parte, el autor atacó la secuela imitada escrita bajo este seudónimo Avellaneda
11%
Pero está librado debido a esto La locura
11%
Don Quijote confunde una bacía con el yelmo de Mambrino
8%
Al fin de la primera parte, la Santa Hermandad detiene a Don Quijote por librar unos ______ Galeotes
7%
No se encontraron pruebas coincidentes
Distribución de puntuación
Porcentaje de gente con cada puntuación
Porcentaje por número respondido
Historial de tus puntuaciones
No has intentado esta prueba.